Todos los fuegos el fuego

Saved in:
Bibliografiske detaljer
Hovedforfatter: Cortázar, Julio, 1914-1984 (Author)
Format: Bog
Sprog:spansk
Udgivet: Buenos Aires Sudamericana 1974
Udgivelse:15a. ed
Fag:
Tags: Tilføj Tag
Ingen Tags, Vær først til at tagge denne postø!

MARC

LEADER 00000nam a2200000 a 4500
001 UCQ2011
003 CL-VaPUC
008 980721e19740000AG |||||||||||||||||spa|d
082 0 4 |a Ar863  |b COR  |2 21 
100 |a Cortázar, Julio,  |d 1914-1984  |e author  |9 347319 
245 1 0 |a Todos los fuegos el fuego 
250 |a 15a. ed 
300 |a 197 p 
942 |c BK 
945 |d 19980721 00:00:00  |a lriquelm 
260 |a Buenos Aires  |b Sudamericana  |c 1974 
650 7 |a CUENTOS ARGENTINOS  |2 CL-VaPUC  |9 415898 
650 0 |a Literatura argentina  |9 320596 
583 |a last modification  |c 19980721 00:00:00  |k Rodrigo Vera 
999 |c 272853  |d 272851 
952 |0 0  |1 0  |4 0  |6 AR_863_000000000000000_COR_1974  |7 0  |8 A  |9 308047  |a BIBEDU  |b BIBEDU  |d 2019-11-20  |i 2884615  |o Ar863 COR 1974  |p 2884615  |r 2019-11-20  |w 2019-11-20  |y BK  |k LIT